Management and cost accounting : (Record no. 7312)
[ view plain ]
| 000 -LEADER | |
|---|---|
| fixed length control field | 00682nam a2200217 4500 |
| 001 - CONTROL NUMBER | |
| control field | 8455 |
| 003 - CONTROL NUMBER IDENTIFIER | |
| control field | OCoLC |
| 005 - DATE AND TIME OF LATEST TRANSACTION | |
| control field | 20181127190007.0 |
| 008 - FIXED-LENGTH DATA ELEMENTS--GENERAL INFORMATION | |
| fixed length control field | 160622s2016 gw 000 0 eng d |
| 020 ## - INTERNATIONAL STANDARD BOOK NUMBER | |
| International Standard Book Number | 3527508228 |
| International Standard Book Number | 9783527508228 |
| 092 ## - LOCALLY ASSIGNED DEWEY CALL NUMBER (OCLC) | |
| Classification number | 650 |
| Item number | |
| 100 1# - MAIN ENTRY--PERSONAL NAME | |
| Personal name | Taschner, Andreas. |
| Relator term | |
| Authority record control number or standard number | |
| Relator code | |
| 245 00 - TITLE STATEMENT | |
| Title | Management and cost accounting : |
| Remainder of title | tools and concepts in an central European context / |
| Statement of responsibility, etc. | Andreas Taschner and Michel Charifzadeh |
| 264 #1 - PRODUCTION, PUBLICATION, DISTRIBUTION, MANUFACTURE, AND COPYRIGHT NOTICE | |
| Place of production, publication, distribution, manufacture | Weinheim |
| Name of producer, publisher, distributor, manufacturer | Wiley-VCH |
| Date of production, publication, distribution, manufacture, or copyright notice | [2016] |
| 300 ## - PHYSICAL DESCRIPTION | |
| Extent | xiv, 304 Seiten : |
| Other physical details | Diagramme ; |
| Dimensions | 24 cm x 17 cm |
| 336 ## - CONTENT TYPE | |
| Content type code | txt |
| Source | rdacontent |
| 337 ## - MEDIA TYPE | |
| Media type code | n |
| Source | rdamedia |
| 338 ## - CARRIER TYPE | |
| Carrier type code | nc |
| Source | rdacarrier |
| 710 2# - ADDED ENTRY--CORPORATE NAME | |
| Corporate name or jurisdiction name as entry element | Wiley-VCH. |
| Authority record control number or standard number | (DE-588)16179388-5 |
| Relator code | pbl |
| Withdrawn status | Lost status | Source of classification or shelving scheme | Damaged status | Not for loan | Collection code | Home library | Current library | Shelving location | Date acquired | Serial Enumeration / chronology | Inventory number | Total Checkouts | Total Renewals | Full call number | Barcode | Date last seen | Date last checked out | Price effective from | Koha item type |
|---|---|---|---|---|---|---|---|---|---|---|---|---|---|---|---|---|---|---|---|
| Dewey Decimal Classification | Main TEST | RTC Library | RTC Library | Main opac | 07/07/2021 | 12521 | 1 | 3 | 657.42 TAS | 30013662 | 30/07/2024 | 06/02/2024 | 27/11/2018 | Main |